Man ja shlok (Record no. 363585)

MARC details
000 -LEADER
fixed length control field 003230000a22001450004500
005 - DATE AND TIME OF LATEST TRANSACTION
control field 20120302064959.0
040 ## - CATALOGING SOURCE
Original cataloging agency sin
100 ## - MAIN ENTRY--PERSONAL NAME
Personal name Ramdas swami
245 ## - TITLE STATEMENT
Title Man ja shlok
250 ## - EDITION STATEMENT
Edition statement 1st
260 ## - PUBLICATION, DISTRIBUTION, ETC. (IMPRINT)
Place of publication, distribution, etc Ahemadnagar:Laxman Hardvani;2002.
300 ## - PHYSICAL DESCRIPTION
Extent 103p..-ill
650 ## - SUBJECT ADDED ENTRY--TOPICAL TERM
Topical term or geographic name as entry element Manache sholk, Sindhi
942 ## - ADDED ENTRY ELEMENTS (KOHA)
Koha item type Book
Holdings
Withdrawn status Lost status Damaged status Not for loan Home library Current library Date acquired Total Checkouts Barcode Date last seen Price effective from
        Institute For Oriental Study, Thane Institute For Oriental Study, Thane 12/02/2009   IOS-M&S 24640 12/02/2009 12/02/2009